000 00771nam a22002057a 4500
005 20251108165502.0
008 250721s1993 xx 000 0 ara d
082 1 4 _aم/217.5/خرق
100 1 _aالخرقي، أبو القاسم عمر بن الحسين بن عبد الله
245 1 0 _aمتن الخرقي على مذهب أبي عبد الله أحمد بن حنبل الشيباني /
264 1 _aطنطا :
_bدار الصحابة للتراث،
_c1993.
300 _a175ص
490 0 _aسلسلة متون الفقه ؛ 2
650 1 7 _aالإسلام
650 1 7 _aالفقه الإسلامي
650 1 7 _aالفقه الحنبلي
700 1 _aبن محمد، إبن حذيفة إبراهيم
_eتحقيق
942 _2ddc
_cREF
999 _c29025
_d29025